| 000 | 01205nam0a22002651 4500 | ||
|---|---|---|---|
| 001 | v19\rc\1454319 | ||
| 005 | 20250618141813.0 | ||
| 035 | _a(NLR Aleph) 004594110 | ||
| 090 |
_a2697337 _c2697337 |
||
| 100 | _a20060620d1876 |||y0rusy50 ca | ||
| 101 | 0 | _arus | |
| 102 | _aRU | ||
| 105 | _ay z |||a| | ||
| 200 | 1 |
_aБитва русских с кабардинцами, или Прекрасная магометанка, умирающая на гробе своего мужа _e[Повесть] _fПеределана с изм. и доп. солд. песен Н.П. Мироновым. Ч. 1-2 |
|
| 210 |
_aМосква _c[П.Н. Шарапов] _d1876 |
||
| 215 |
_a2 т. _d18 |
||
| 300 | _aНа обл. авт. не указан. В изд. 1887, 1888, 1899, 1907 гг. на тит. л. ошибочно: Переделана... М.П. Мироновым | ||
| 517 | 0 | _aПрекрасная магометанка, умирающая на гробе своего мужа | |
| 700 | 1 |
_aМиронов _bН.П. _gНиколай П. |
|
| 801 | 0 |
_aRU _bNLR _gpsbo |
|
| 801 | 0 |
_aRU _bRuMoRGB _2psbo |
|
| 801 | 1 |
_aRU _bProSoft-M _2rusmarc |
|
| 852 |
_aNLR _j18.237.3.29(ч. 1-2) |
||
| 942 | _cBOOK | ||
| 980 | _aNB | ||